|
|
|
|
| LEADER |
00000nam a2200000 a 4500 |
| 001 |
vtls008300460 |
| 003 |
SK-MaSNL |
| 005 |
20260302074154.0 |
| 008 |
160610s2005 xo o g f 000 0 slo |
| 015 |
|
|
|a SNBA2006/03-01239
|
| 020 |
|
|
|a 8055110980 (viaz.)
|
| 035 |
|
|
|a 8183DFC4-A621-495E-B98D-9B56B7CD42CF
|
| 035 |
|
|
|a urn:nbn:sk:snk-amksm8
|
| 035 |
|
|
|a urn:nbn:sk:snk-am0057xr
|
| 040 |
|
|
|a SNK
|b slo
|c SNK
|e AACR2
|
| 041 |
1 |
|
|a slo
|h ger
|
| 044 |
|
|
|a xo
|c SK
|
| 072 |
|
7 |
|a 643
|x Byt. Miestnosti. Vybavenie bytu
|2 konspekt
|
| 080 |
|
|
|a 316.728
|2 1997
|
| 080 |
|
|
|a 645
|2 1997
|
| 080 |
|
|
|a 643/645:72.012.8
|2 1997
|
| 080 |
|
|
|a (035)
|2 1997
|
| 080 |
|
|
|a (084.12)
|2 1997
|
| 080 |
|
|
|a 643.3
|2 1997
|
| 130 |
0 |
|
|a Küche-individuell und praktisch eingerichtet
|l Slovensky
|9 739485
|
| 245 |
0 |
0 |
|a Praktická kuchyňa podľa vlastných predstáv
|c [z nemeckého originálu preložila Iveta Ráchelová]
|
| 250 |
|
|
|a [1. vyd.]
|
| 260 |
|
|
|a Bratislava
|b Ikar
|c 2005
|
| 300 |
|
|
|a 95 s.
|b fareb. fotogr.
|c 29 cm
|
| 650 |
0 |
7 |
|a kuchyne
|2 SNKPH
|9 70203
|
| 650 |
0 |
7 |
|a životný štýl
|2 SNKPH
|9 1704
|
| 650 |
0 |
7 |
|a bytové vybavenie
|2 SNKPH
|9 3742
|
| 650 |
0 |
7 |
|a bytová architektúra
|2 SNKPH
|9 3740
|
| 655 |
|
7 |
|a príručky
|2 SNKPH
|9 74364
|
| 655 |
|
7 |
|a fotografické publikácie
|2 SNKPH
|9 70483
|
| 700 |
1 |
|
|a Ráchelová, Iveta
|4 trl
|9 528749
|
| 919 |
|
|
|a 80-551-1098-0
|
| 968 |
|
|
|b DT
|d 64
|
| 999 |
|
|
|c 1163985
|d 1165915
|
| 952 |
|
|
|a SNK
|b SNK
|y VYP
|7 0
|p 17A0487404
|o snkSB 71058 D1
|i snk2005/17867
|8 0
|0 0
|1 0
|4 0
|d 2005-10-26
|f 1
|l 0
|r 2016-06-30 00:00:00
|w 2026-02-24
|
| 952 |
|
|
|a SNK
|b SNK
|y PREZ
|7 0
|p 17A0485011
|o snkSB 71058
|i snk2005/16305
|8 0
|0 0
|1 0
|4 0
|d 2005-09-30
|l 0
|r 2025-04-23 00:00:00
|w 2026-02-24
|
| 952 |
|
|
|t snkPRA 643
|a SNKUST
|b SNKUST
|y PREZ
|7 0
|p 17A0464953
|o snkSB 71058 D2
|i snk2006/3268
|8 3
|g 11.58
|0 0
|1 0
|4 0
|d 2006-02-16
|l 0
|r 2025-03-21 00:00:00
|w 2026-02-24
|